| 000 -LEADER |
| fixed length control field |
02930cam a22004574a 4500 |
| 001 - CONTROL NUMBER |
| control field |
13929430 |
| 005 - DATE AND TIME OF LATEST TRANSACTION |
| control field |
20210407142915.0 |
| 008 - FIXED-LENGTH DATA ELEMENTS--GENERAL INFORMATION |
| fixed length control field |
050414s2006 nyua b 001 0 eng |
| 010 ## - LIBRARY OF CONGRESS CONTROL NUMBER |
| LC control number |
2005010536 |
| 020 ## - INTERNATIONAL STANDARD BOOK NUMBER |
| International Standard Book Number |
052183564X (hardback) |
| 035 ## - SYSTEM CONTROL NUMBER |
| System control number |
(OCoLC)ocm59879834 |
| 040 ## - CATALOGING SOURCE |
| Original cataloging agency |
DLC |
| Transcribing agency |
DLC |
| Modifying agency |
YDX |
| -- |
BAKER |
| -- |
MDY |
| -- |
DLC |
| 042 ## - AUTHENTICATION CODE |
| Authentication code |
pcc |
| 043 ## - GEOGRAPHIC AREA CODE |
| Geographic area code |
e-hu--- |
| -- |
e-pl--- |
| 050 00 - LIBRARY OF CONGRESS CALL NUMBER |
| Classification number |
HN420.5.A8 |
| Item number |
S45 2006 |
| 080 ## - UNIVERSAL DECIMAL CLASSIFICATION NUMBER |
| Universal Decimal Classification number |
330.1 S-45 |
| 082 00 - DEWEY DECIMAL CLASSIFICATION NUMBER |
| Classification number |
306.2/09438/09045 |
| Edition number |
22 |
| 100 1# - MAIN ENTRY--PERSONAL NAME |
| Personal name |
Seleny, Anna. |
| 9 (RLIN) |
11141 |
| 245 14 - TITLE STATEMENT |
| Title |
The political economy of state-society relations in Hungary and Poland : |
| Remainder of title |
from communism to the European Union / |
| Statement of responsibility, etc. |
Anna Seleny. |
| 260 ## - PUBLICATION, DISTRIBUTION, ETC. |
| Place of publication, distribution, etc. |
Cambridge ; |
| -- |
New York : |
| Name of publisher, distributor, etc. |
Cambridge University Press, |
| Date of publication, distribution, etc. |
2006. |
| 300 ## - PHYSICAL DESCRIPTION |
| Extent |
xiii, 277 p. : |
| Other physical details |
ill. ; |
| Dimensions |
24 cm. |
| 504 ## - BIBLIOGRAPHY, ETC. NOTE |
| Bibliography, etc. note |
Includes bibliographical references and index. |
| 505 0# - FORMATTED CONTENTS NOTE |
| Formatted contents note |
Introduction : points of permeable contact -- History and theory in practice -- Precocious reformer : Hungary -- Injustice: poland 1948--1980 -- Poland : from solidarity to 1989 -- Hungary : property relations recast -- Schumpeter by the Danube : from second economy to private sector -- Action and reaction : institutional consequences of private-sector expansion -- Conclusion : despotism, discovery, and surprise. |
| 650 #0 - SUBJECT ADDED ENTRY--TOPICAL TERM |
| Topical term or geographic name entry element |
Social change |
| Geographic subdivision |
Hungary. |
| 9 (RLIN) |
11142 |
| 650 #0 - SUBJECT ADDED ENTRY--TOPICAL TERM |
| Topical term or geographic name entry element |
Social change |
| Geographic subdivision |
Poland. |
| 9 (RLIN) |
11143 |
| 650 #0 - SUBJECT ADDED ENTRY--TOPICAL TERM |
| Topical term or geographic name entry element |
Post-communism |
| Geographic subdivision |
Hungary. |
| 9 (RLIN) |
11144 |
| 650 #0 - SUBJECT ADDED ENTRY--TOPICAL TERM |
| Topical term or geographic name entry element |
Post-communism |
| Geographic subdivision |
Poland. |
| 9 (RLIN) |
11145 |
| 651 #0 - SUBJECT ADDED ENTRY--GEOGRAPHIC NAME |
| Geographic name |
Hungary |
| General subdivision |
Economic policy |
| Chronological subdivision |
1968-1989. |
| 9 (RLIN) |
11146 |
| 651 #0 - SUBJECT ADDED ENTRY--GEOGRAPHIC NAME |
| Geographic name |
Hungary |
| General subdivision |
Economic policy |
| Chronological subdivision |
1945-1968. |
| 9 (RLIN) |
11147 |
| 651 #0 - SUBJECT ADDED ENTRY--GEOGRAPHIC NAME |
| Geographic name |
Poland |
| General subdivision |
Politics and government |
| Chronological subdivision |
1980-1989. |
| 9 (RLIN) |
11148 |
| 651 #0 - SUBJECT ADDED ENTRY--GEOGRAPHIC NAME |
| Geographic name |
Poland |
| General subdivision |
Politics and government |
| Chronological subdivision |
1945-1980. |
| 9 (RLIN) |
11149 |
| 653 ## - INDEX TERM--UNCONTROLLED |
| keyword |
The Political Economy of State-Society Relations in Hungary and Poland: From Communism to the European Union |
| 653 ## - INDEX TERM--UNCONTROLLED |
| keyword |
სახელმწიფო-პოლიტიკური ურთიერთობების პოლიტიკური ეკონომიკა უნგრეთსა და პოლონეთში: კომუნიზმიდან ევროკავშირამდე |
| 653 ## - INDEX TERM--UNCONTROLLED |
| keyword |
Политическая экономия отношений между государством и обществом в Венгрии и Польше: от коммунизма до Европейского союза |
| 856 41 - ELECTRONIC LOCATION AND ACCESS |
| Materials specified |
Table of contents only |
| Uniform Resource Identifier |
http://www.loc.gov/catdir/toc/ecip0511/2005010536.html |
| 856 42 - ELECTRONIC LOCATION AND ACCESS |
| Materials specified |
Publisher description |
| Uniform Resource Identifier |
http://www.loc.gov/catdir/enhancements/fy0659/2005010536-d.html |
| 856 42 - ELECTRONIC LOCATION AND ACCESS |
| Materials specified |
Contributor biographical information |
| Uniform Resource Identifier |
http://www.loc.gov/catdir/enhancements/fy0733/2005010536-b.html |
| 906 ## - LOCAL DATA ELEMENT F, LDF (RLIN) |
| a |
7 |
| b |
cbc |
| c |
orignew |
| d |
1 |
| e |
ecip |
| f |
20 |
| g |
y-gencatlg |
| 942 ## - ADDED ENTRY ELEMENTS (KOHA) |
| Source of classification or shelving scheme |
|
| Koha item type |
წიგნი |